000 00452nam a2200181Ia 4500
001 20485
005 20260306172809.0
008 260306t1990||||xx |||||||||||||| ||spa||
041 _aESP
082 _a343.314
_bM64
100 _aMiró Quesada Rada, Francisco
_eAUT
245 0 _aDemocracia directa y derecho constitucional
260 _c1990
300 _a265 páginas :
_c21 cm.
650 _aGEN
654 _aCDE
942 _cLIB
_dJUS
_fJUS
_2ddc
_n
999 _c20485
_d20485